Bad Movie Descriptions - Statistics

General Stats
  • This quiz has been taken 597 times
  • The average score is 4 of 13
Answer Stats
Description Movie % Correct
A wealthy woman watches her poor lover die rather than make room for him. Titanic
66%
A young man joins a band of outlaw terrorists, betrays his father by destroying a major military base. Star Wars IV, A New Hope
64%
A country girl kills two sisters, gets away with it because everyone likes her shoes. The Wizard of Oz
56%
Inanimate objects come alive and compete for the attention of their master. Toy Story
50%
A disabled man with amazing skills of manipulation kidnaps teenagers, teaches them to be his willing soldiers in his battle against a Holocaust survivor. X-Men
41%
A prisoner is successfully brainwashed into hating classical music. A Clockwork Orange
23%
A business owner grooms his successor by endangering the lives of children and making him watch. Charlie and the Chocolate Factory
22%
An expert in unusual cuisine and a young woman share stories so he can help her advance her career. Silence of the Lambs
20%
An convict escapes from prison only to prove himself to be the smartest man on Earth, goes on to become president. Idiocracy
8%
A child chooses to take body-altering drugs to escape having to study, eventually sentenced to death. Alice in Wonderland
6%
An African teenager takes down an established American hierarchy. Mean Girls
5%
A man is exhonorated of a crime, and reconciles with his wife after she comes back from a long vacation. Gone Girl
4%
A young woman steals her father's property and sends it overseas, runs off with a pornographic photographer. Amelie
1%
No matching quizzes found
Score Distribution
Percent of People with Each Score
Percentile by Number Answered
Your Score History
You have not taken this quiz